Environmentálne posúdenie prevádzky techniky prostredia v administratívnej budove

Salvato in:
Dettagli Bibliografici
Autore principale: Bobeková, Adriana (Autore)
Altri autori: Petráš, Dušan (Relatore della tesi)
Natura: Manoscritto Libro
Lingua:slovacco
Pubblicazione: 2015
Soggetti:
Accesso online:http://is.stuba.sk/zp/portal_zp.pl?podrobnosti=111362
https://opac.crzp.sk/?fn=detailBiblioForm&sid=78283B71680DBAF21445D41D22D4
Tags: Aggiungi Tag
Nessun Tag, puoi essere il primo ad aggiungerne!!

MARC

LEADER 00000ntm a22000003a 4500
001 stuzp52112
003 SK-STU
005 20231011084529.1
007 ta
008 150427s2015----xo-----f-mn---000-0-slo-d
040 |a STU  |b slo 
041 0 |a slo 
100 1 |a Bobeková, Adriana  |u 010290  |4 aut  |U SvF Stavebná fakulta  |T SvF Katedra technických zariadení budov  |X 67706  |U V290  |Y 31  |7 A000067706 
242 0 1 |a Environmental assessment of operation of technology of environment in office building  |y eng 
245 1 0 |a Environmentálne posúdenie prevádzky techniky prostredia v administratívnej budove 
260 |c 2015 
650 4 |a tepelno-vlhkostná mikroklíma  |2 slo 
650 4 |a vnútorné prostredie budov  |2 slo 
650 4 |a koncentrácia oxidu uhličitého  |2 slo 
650 4 |a kvalita vnútorného ovzdušia  |2 slo 
650 4 |a tepelná pohoda  |2 slo 
650 4 |a indoor environment of buildings  |2 eng 
650 4 |a thermal and humidity microclimate  |2 eng 
650 4 |a carbon dioxide concentration  |2 eng 
650 4 |a indoor air quality  |2 eng 
650 4 |a thermal comfort  |2 eng 
700 1 |a Petráš, Dušan  |4 ths  |X 749  |7 A000000749 
856 4 |u http://is.stuba.sk/zp/portal_zp.pl?podrobnosti=111362 
856 4 |u https://opac.crzp.sk/?fn=detailBiblioForm&sid=78283B71680DBAF21445D41D22D4 
SQL |a stuzp52112  |b DDP  |c SLO  |d Environmentálne posúdenie prevádzky techniky prostredia v administratívnej budove  |e 67706  |f Bobeková, Adriana  |g 010290  |h 749  |i Petráš, Dušan  |j 20150617  |k 25  |l 01  |m http://is.stuba.sk/zp/portal_zp.pl?podrobnosti=111362  |n I-TPB  |o 5.1.4. pozemné stavby